| 000 | 00644nam a2200229Ia 4500 | ||
|---|---|---|---|
| 003 | OSt | ||
| 005 | 20220928113639.0 | ||
| 006 | a|||||r|||| 00| 0 | ||
| 007 | ta | ||
| 008 | 220927b |||||||| |||| 00| 0 eng d | ||
| 024 | _a34822 | ||
| 037 | _cTextual | ||
| 040 |
_aSDCL _cSDCL _beng |
||
| 041 |
_2eng _aeng |
||
| 082 | _aV2:24'N1<M9, K7;1 | ||
| 100 |
_aTripathi Amales _9434192 |
||
| 245 | 0 |
_aExtremist challenge _b India between 1890 and 1910 |
|
| 260 |
_aNew Delhi _bOrient Longmans _c1967 |
||
| 300 |
_avii,245p _ccm. |
||
| 942 |
_hV2:24'N1<M9, K7;1 _cTEXL _2CC |
||
| 999 |
_c750562 _d750562 |
||